000 00353nam a22001577a 4500
005 20160628094117.0
008 160628b xxu||||| |||| 00| 0 eng d
041 _aeng
082 _b10703
100 _aWongsawang, Jaruwan
_93015
245 _aAttern Designs
260 _bWongawang Press
300 _a131
650 _aManagement
_9241
942 _cBK
999 _c4358
_d4357